000 00583nam a2200193Ia 4500
005 20260429111917.0
008 260429s9999||||xx |||||||||||||| ||und||
020 _a9789389130126
041 _aEnglish
082 _a635
_bSHA
100 _aSharma, P.C.
245 0 _aProcessing and preservation of horticultural crops :
_bAdvances in processing preservation and value addition technologies, Vol. 1 /
_cP.C. Sharma
260 _aNew Delhi :
_bNipa,
_c2024.
300 _axxi, 544 p.; hb
440 _vVol. 1
650 _aHorticulture
700 _a Gupta, Anil
942 _cTB
999 _c51387
_d51387